000 00974cam a22002891 4500
001 000011064
005 20200929162341.0
008 840911s1965 fr b 000 0 fre
010 _a66075364
015 _aF66-2004
035 _a(OCoLC)11142783
040 _aDO-SdBNP
_cWU-M
_dWU-M
_dDLC
042 _apremarc
050 0 0 _aRC1210
_b.A5
100 1 _aAndrivet, Robert.
_926565
245 1 0 _aPhysiologie du sport, /
_cpar les Drs. Robert Andrivet, Jean-Claude Chignon et Jacques Leclercq ...
260 _aParis, :
_bPresses Universitaires de France,
_c1965.
300 _a128 p. ;
_c18 cm.
490 0 _aQue sais-je? Le point des connaissances actuelles,
_vno. 133
500 _aIllustrated cover.
504 _aBibliography: p. 127.
650 0 _aSports medicine.
_926566
700 1 _aChignon, Jean Claude,
_ejoint author.
_926567
700 1 _aLeclercq, Jacques,
_d1891-1971,
_ejoint author.
_926568
910 _aCatalogación por copia / LC
082 _a612
999 _c10790
_d10790